| 000 | 00906nam a2200217 i 4500 | ||
|---|---|---|---|
| 001 | 161377 | ||
| 003 | ES-MaACL | ||
| 005 | 20250303062546.0 | ||
| 008 | 950614q1894 sp |||| | spa d | ||
| 100 | 1 |
_aPardo Bazán, Emilia, _cCondesa de, _d1851-1921 _9176434 |
|
| 245 | 1 | 0 |
_aCuentos nuevos / _cEmilia Pardo Bazán. |
| 260 |
_aMadrid : _bAdministración, calle de S. Bernardo, _c[1894] ( _fAgustin Avrial, Imp.) |
||
| 300 |
_a301 p. ; _c20 cm. |
||
| 490 | 1 |
_aObras completas de Emilia Pardo Bazán ; _v10 |
|
| 530 | _aDisponible en formato digital. | ||
| 830 | 0 |
_aObras completas de Emilia Pardo Bazán ; _v10 _9176456 |
|
| 852 |
_aES-MaACL _jB-4089 _z- Enc. hol. _q- Falto de cub. original _x-- Edic.: añadir en T260 Administración, calle de S. Bernardo |
||
| 856 |
_uhttp://bdh-rd.bne.es/viewer.vm?id=0000201356&page=1 _zBiblioteca Digital Hispánica |
||
| 942 | _2udc | ||
| 999 |
_c161377 _d161377 |
||